Quiz sur la Haute-Vienne - Statistiques

Statistiques générales
  • Ce quiz a été pris 418 fois
  • Le résultat moyen est 15 sur 20
Statistiques - réponses
Question Réponse % Correct
Numéro du département 87
99%
Préfecture et plus grande ville Limoges
98%
Région Nouvelle-Aquitaine
97%
Corrèze
91%
Creuse
91%
Village martyr de la Seconde guerre mondiale accueillant un Centre de la mémoire. Oradour-sur-Glane
90%
Artisanat qui fait la renommée de la préfecture. Porcelaine
87%
Départements limitrophes Charente
82%
Vienne
82%
Dordogne
79%
Massif montagneux qui s'étend sur le département. Massif Central
77%
Edifice de la préfecture souvent classé parmi les 10 plus beaux du monde dans sa catégorie. Gare
75%
Indre
70%
Sous-préfectures Bellac
65%
Gentilé Haut-Viennois
64%
Série française qui a révélé Laëtitia Milot, originaire de la Haute-Vienne. Plus belle la vie
61%
Citez un des deux parcs naturels régionaux situés dans le département. Millevaches-en-Limousin / Périgord-Limousin
59%
Rochechouart
49%
Nombre d'habitants (arrondi à la dizaine de milliers d'habitants) 370 000 (374 426)
43%
Elément chimique dont le premier producteur français a été la Haute-Vienne au XXème siècle. Uranium
31%
Aucun quiz correspondant
Distribution des résultats
% des personnes avec chaque résultat
Percentile par nombre de réponses
Votre historique - résultats
Vous n’avez pas pris ce quiz